Normal view
MARC view
- Microbiology
Entry Topical Term
001 - CONTROL NUMBER
- control field: 2843
003 - CONTROL NUMBER IDENTIFIER
- control field: NUST
005 - DATE AND TIME OF LATEST TRANSACTION
- control field: 20170619100406.0
008 - FIXED-LENGTH DATA ELEMENTS
- fixed length control field: 170619|| aca||aabn | a|a d
040 ## - CATALOGING SOURCE
- Original cataloging agency: NUST
- Transcribing agency: NUST
150 ## - HEADING--TOPICAL TERM
- Topical term or geographic name entry element: Microbiology
- Form subdivision: Textbooks.
670 ## - SOURCE DATA FOUND
- Source citation: Work cat.: (NUST): Tortora, Gerard J. 2842, Microbiology :, c2010.
